| 000 | 00000nam 2200000zi 4500 |
| 001 | 9.867014 |
| 003 | CaOODSP |
| 005 | 20221107162212 |
| 006 | m o d f |
| 007 | cr cn||||||||| |
| 008 | 190111t20192019qucab ob f000 0 eng d |
| 020 | |a9780660292663 |
| 040 | |aCaOODSP|beng|erda|cCaOODSP |
| 043 | |an-cn-bc |
| 086 | 1 |aTU3-7/17-0400E-PDF |
| 110 | 2 |aTransportation Safety Board of Canada. |
| 245 | 10|aStriking of no. 2 berth, roll-on/roll-off ferry Seaspan Swift, Tilbury Island, Delta, British Columbia, 15 November 2017. |
| 264 | 1|aGatineau, QC : |bTransportation Safety Board of Canada = Bureau de la sécurité des transports du Canada, |c[2019] |
| 264 | 4|c©2019 |
| 300 | |a1 online resource (iv, 28 pages) : |bcolour illustrations, colour maps. |
| 336 | |atext|btxt|2rdacontent |
| 337 | |acomputer|bc|2rdamedia |
| 338 | |aonline resource|bcr|2rdacarrier |
| 490 | 1 |aMarine investigation report ; |vM17P0400 |
| 500 | |aIssued also in French under title: Heurt du poste d'accostage n° 2, traversier roulier Seaspan Swift, Tilbury Island, Delta (Colombie-Britannique), 15 novembre 2017. |
| 504 | |aIncludes bibliographical references. |
| 520 | |a"On 15 November 2017, at 1534 Pacific Standard Time, the roll-on/roll-off ferry Seaspan Swift struck the No. 2 berth at the Seaspan Ferries terminal on Tilbury Island, Delta, British Columbia. There were 10 crew members on board at the time of the occurrence; 2 of them sustained minor injuries. The vessel's bow and the ramp at the No. 2 berth were damaged. There was no pollution reported"--Summary. |
| 692 | 07|2gccst|aMarine accidents |
| 692 | 07|2gccst|aMarine safety |
| 692 | 07|2gccst|aInvestigations |
| 775 | 08|tHeurt du poste d'accostage n° 2, traversier roulier Seaspan Swift, Tilbury Island, Delta (Colombie-Britannique), 15 novembre 2017.|w(CaOODSP)9.867016 |
| 830 | #0|aMarine investigation report ;|vM17P0400.|w(CaOODSP)9.504867 |
| 856 | 40|qPDF|s1.07 MB|uhttps://publications.gc.ca/collections/collection_2019/bst-tsb/TU3-7-17-0400-eng.pdf |